Nineteenth-century romanticism in music

Zapisane w:
Opis bibliograficzny
1. autor: Longyear, Rey Morgan (autor)
Format: Książka
Język:angielski
Wydane: Englewood Cliffs Prentice-Hall 1973
Wydanie:2a. ed
Seria:Prentice Hall History of Music Series
Hasła przedmiotowe:
Etykiety: Dodaj etykietę
Nie ma etykietki, Dołącz pierwszą etykiete!

MARC

LEADER 00000nam a2200000 a 4500
001 UCW2535
003 CL-VaPUC
005 20231023092546.0
008 920616e19730000US |||||||||||||||||eng|d
999 |c 217074  |d 217072 
040 |c Pontificia Universidad Católica de Valparaíso 
082 0 4 |a 780.9034 LON 1973  |2 21 
100 |a Longyear, Rey Morgan  |e autor  |9 306751 
245 1 0 |a Nineteenth-century romanticism in music 
250 |a 2a. ed 
260 |a Englewood Cliffs  |b Prentice-Hall  |c 1973 
300 |a 289 p 
490 0 |a Prentice Hall History of Music Series 
583 |a last modification  |c 20120531 12:02:07  |k Rodrigo Vera 
650 0 |a Música, siglo 19  |2 CL-VaPUC  |9 456666 
650 0 |a Romanticismo en la música  |9 306753 
942 |c BK  |2 ddc 
945 |d 19920616 00:00:00 
952 |0 0  |1 0  |2 ddc  |4 0  |6 780_903400000000000_LON_1973  |7 0  |8 A  |9 203571  |a BIBEDU  |b BIBEDU  |d 2019-11-15  |i 2708051  |o 780.9034 LON 1973  |p 2708051  |r 2023-01-12  |w 2019-11-15  |y BK  |k MUS